Inovatívny prístup mobilných operátorov v Chorvátsku k sezónnym používateľom dátových služieb – dovolenkárom

Dátová komunikácia v zahraničí so slovenskou SIM kartou v roku 2015. Miestni poskytovatelia mobilných telekomunikačných služieb v Chorvátsku a ich ponuky.

Salvato in:
Dettagli Bibliografici
Autore principale: Pólya, Attila
Natura: Capitolo di libro
Lingua:slovacco
Soggetti:
Tags: Aggiungi Tag
Nessun Tag, puoi essere il primo ad aggiungerne!!

MARC

LEADER 00000nla a2200000 4500
001 0212922
005 20240502073537.7
041 0 |a slo 
044 |a SK 
245 1 0 |a Inovatívny prístup mobilných operátorov v Chorvátsku k sezónnym používateľom dátových služieb – dovolenkárom  |c Attila Pólya 
520 |a Dátová komunikácia v zahraničí so slovenskou SIM kartou v roku 2015. Miestni poskytovatelia mobilných telekomunikačných služieb v Chorvátsku a ich ponuky. 
610 2 0 |a siete mobilné 
610 2 0 |a cestujúci 
610 2 0 |a komunikácia 
610 2 0 |a Chorvátsko 
100 1 |a Pólya, Attila